U.S. Presidential Line of Succession - Statistics

General Stats
  • This quiz has been taken 127 times
    63 since last reset
  • The average score is 19 of 36
Answer Stats
Position % Correct
Vice President
100%
Secretary of State
95%
Speaker of the House of Representatives
87%
Secretary of Defense
82%
Attorney General
76%
Secretary of the Interior
68%
J.D. Vance
66%
Marco Rubio
66%
President pro tempore of the Senate
66%
Secretary of Homeland Security
66%
Secretary of the Treasury
66%
Secretary of Transportation
66%
Secretary of Education
63%
Secretary of Energy
61%
Mike Johnson
58%
Pam Bondi
58%
Secretary of Agriculture
58%
Secretary of Commerce
58%
Secretary of Health and Human Services
58%
Pete Hegseth
53%
Secretary of Labor
53%
Kristi Noem
45%
Robert F. Kennedy Jr.
45%
Secretary of Housing and Urban Development
45%
Secretary of Veterans Affairs
45%
Chuck Grassley
42%
Scott Bessent
42%
Doug Burgum
37%
Linda McMahon
32%
Howard Lutnick
29%
Sean Duffy
24%
Brooke Rollins
21%
Doug Collins
18%
Lori Chavez-DeRemer
18%
Scott Turner
16%
Christ Wright
13%
No matching quizzes found
Score Distribution
Percent of People with Each Score
Percentile by Number Answered
Your Score History
You have not taken this quiz since the last reset